Traité théorique et pratique de l'arbitrage international (Record no. 159475)

MARC details
000 -LEADER
campo de control de longitud fija 00760nam a22001935i 4500
001 - NÚMERO DE CONTROL
campo de control 159475
003 - IDENTIFICADOR DE NÚMERO DE CONTROL
campo de control ES-MaACL
005 - FECHA Y HORA DE LA ÚLTIMA TRANSACCIÓN
campo de control 20250809025048.0
008 - DATOS DE LONGITUD FIJA--INFORMACIÓN GENERAL
campo de control de longitud fija 040913s1895 fr |||| | fre d
040 ## - FUENTE DE CATALOGACIÓN
Centro catalogador/agencia de origen CAM
Lengua de catalogación spa
Centro/agencia transcriptor CAM
100 1# - ENTRADA PRINCIPAL--NOMBRE DE PERSONA
Nombre de persona Merignhac, Alexandre.
9 (RLIN) 214146
245 10 - MENCIÓN DEL TÍTULO
Título Traité théorique et pratique de l'arbitrage international
Resto del título : le rôle du droit dans le fonctionnement actuel de l'institution et dans ses destinées futures /
Mención de responsabilidad, etc. par A. Mérignhac.
260 ## - PUBLICACIÓN, DISTRIBUCIÓN, ETC.
Lugar de publicación, distribución, etc. Paris :
Nombre del editor, distribuidor, etc. L. Larose, éditeur,
Fecha de publicación, distribución, etc. 1895 (
Fabricante Imprimerie Contant-Laguerre)
300 ## - DESCRIPCIÓN FÍSICA
Extensión 528 p. ;
Dimensiones 23 cm.
650 07 - PUNTO DE ACCESO ADICIONAL DE MATERIA--TÉRMINO DE MATERIA
Término de materia o nombre geográfico como elemento de entrada Derecho internacional público
Fuente del encabezamiento o término embne
9 (RLIN) 11723
650 04 - PUNTO DE ACCESO ADICIONAL DE MATERIA--TÉRMINO DE MATERIA
Término de materia o nombre geográfico como elemento de entrada Arbitraje internacional.
9 (RLIN) 9934
852 ## - LOCALIZACIÓN
Ubicación ES-MaACL
Número de control de estantería F-1126
Nota libre -- Rúst.
Holdings
Estatus retirado Estado de pérdida Estado de daño No para préstamo Colección Biblioteca de origen Biblioteca actual Ubicación en estantería Fecha de adquisición Fuente de adquisición Total de préstamos Signatura topográfica completa Código de barras Visto por última vez Precio de reemplazo Tipo de ítem Koha
        Libros del s. XIX Biblioteca del Ateneo de Madrid Biblioteca del Ateneo de Madrid Depósito 2 17/01/2008     F-1126 1166949 23/02/2023 23/02/2023 Libro impreso antiguo